| 000 | 00795nam a2200205 i 4500 | ||
|---|---|---|---|
| 001 | 93595 | ||
| 003 | ES-MaACL | ||
| 005 | 20240218063022.0 | ||
| 007 | t| | ||
| 008 | 050414s1959 sp f c |||| | spa d | ||
| 100 | 1 |
_aCedillo, Jerónimo López de Ayala y Álvarez de Toledo, _cConde de, _d1862-1934 _937325 |
|
| 245 | 1 | 0 |
_aCatálogo monumental de la provincia de Toledo / _cpor Jerónimo López de Ayala y Alvarez de Toledo, conde de Cedillo. |
| 260 |
_aToledo : _bDiputación Provincial, _c1959. |
||
| 300 |
_aVIII, 413 p. 205 lám. ; _c24 cm. |
||
| 650 | 4 |
_aArquitectura- _zToledo (Provincia) _9169670 |
|
| 650 | 4 |
_aMonumentos- _zToledo (Provincia) _9169671 |
|
| 710 | 1 |
_aToledo (Provincia). _bDiputación Provincial. _96968 |
|
| 852 |
_aES-MaACL _jC-16088 |
||
| 999 |
_c93595 _d93595 |
||